قررتلللہ شہاب : (Record no. 108406)

MARC details
000 -LEADER
fixed length control field 00840nam a22002537a 4500
005 - DATE AND TIME OF LATEST TRANSACTION
control field 20170123162339.0
010 ## - LIBRARY OF CONGRESS CONTROL NUMBER
LC control number A-794561
020 ## - INTERNATIONAL STANDARD BOOK NUMBER
Terms of availability 180.00
International Standard Book Number 9693501780
035 ## - SYSTEM CONTROL NUMBER
System control number A-794561
037 ## - SOURCE OF ACQUISITION
Source of stock number/acquisition Cen Lib/Ret
040 ## - CATALOGING SOURCE
Original cataloging agency DPL
Language of cataloging UR
082 ## - DEWEY DECIMAL CLASSIFICATION NUMBER
Classification number 846.8
Item number ڈ ے و
100 ## - MAIN ENTRY--PERSONAL NAME
Personal name فریدہ نظیر
9 (RLIN) 126418
245 ## - TITLE STATEMENT
Title قررتلللہ شہاب :
Statement of responsibility, etc فریدہ نظیر
Remainder of title زندگی اور ادب /
246 ## - VARYING FORM OF TITLE
Title proper/short title Qurutullah shahab : zindagi aur adab /
Remainder of title by Fareeda Nazeer
260 ## - PUBLICATION, DISTRIBUTION, ETC. (IMPRINT)
Name of publisher, distributor, etc سنگ میل پبلشرس
Date of publication, distribution, etc 1992
Place of publication, distribution, etc لاہور
270 ## - ADDRESS
City لاہور
300 ## - PHYSICAL DESCRIPTION
Extent 407p.
Dimensions 21cm(Hb)
650 ## - SUBJECT ADDED ENTRY--TOPICAL TERM
Topical term or geographic name as entry element ادب -- اردو
9 (RLIN) 126419
650 ## - SUBJECT ADDED ENTRY--TOPICAL TERM
Topical term or geographic name as entry element اردو سوانے عمری
9 (RLIN) 126420
650 ## - SUBJECT ADDED ENTRY--TOPICAL TERM
Topical term or geographic name as entry element Literature -- Urdu
9 (RLIN) 126421
650 ## - SUBJECT ADDED ENTRY--TOPICAL TERM
Topical term or geographic name as entry element Urdu biography
9 (RLIN) 511
942 ## - ADDED ENTRY ELEMENTS (KOHA)
Source of classification or shelving scheme Dewey Decimal Classification
Koha item type Urdu Bks
Classification part 846.8
Call number suffix ڈ ے و
Holdings
Withdrawn status Lost status Damaged status Not for loan Home library Current library Date acquired Source of acquisition Cost, normal purchase price Total Checkouts Full call number Barcode Date last seen Date checked out Copy number Cost, replacement price Price effective from Koha item type
        Central Library Central Library 20/01/2016 Cen Lib/Ret 180.00 1 846.8 ڈ ے و A-794561 23/03/2019 07/03/2019 1 180.00 20/01/2016 Urdu Bks

© Delhi Public Library
Hit Counter
free hit counter